000 00516nam a22001937a 4500
003 CUTN
005 20250801155737.0
008 250801b |||||||| |||| 00| 0 eng d
020 _a9788131609491
041 _aEnglish
082 _223
_a330.9
_bSAX
100 _aSaxena, H.M
245 _aEconomic Geography /
_cH.M. Saxena
250 _a2nd ed.
260 _aNew Delhi :
_bRawat Publications,
_cr 2024.
300 _ax, 400 p.:
_bill.;
_c20.3 x 25.4 x 4.7 cm.
650 _aSoil conservation
942 _2ddc
_cCU
999 _c44970
_d44970